000 01397cam a22003977a 4500
003 CHAP
005 20220817043852.0
008 021118d1991 mx r 00110 spa d
010 _a86636
011 _a87608
020 _a9688057436
035 _a98152
040 _cCHAP
090 _aFolleto 16527
110 2 _aComisión Nacional de Derechos Humanos. México
_925764
245 1 0 _aHacia una cultura de los derechos humanos
_c/por Comisión Nacional de Derechos Humanos
260 _aMéxico, D.F. :
_bComisión Nacional de Derechos Humanos
_c1991.
300 _a108 p.
410 2 1 _aComisión Nacional de Derechos Humanos
490 0 _aSerie folletos
_v91/23
590 _aBATCH-UPD
_b10
_c20130110
_lUCH01
_h0641
590 _aBATCH-UPD
_b10
_c20130110
_lUCH01
_h2340
590 _aBATCH-UPD
_b10
_c20130410
_lUCH01
_h0325
590 _aBATCH-UPD
_b10
_c20130914
_lUCH01
_h1144
590 _aCONVERSION
_b10
_c20130109
_lUCH01
_h1348
650 1 4 _aDerechos humanos.
_931916
700 0 _aHernández Ochoa, María Teresa.
_954408
700 1 _aFuentes Rosado, Dalia.
810 0 0 _aComisión Nacional de Derechos Humanos
_925763
830 0 0 _aSerie folletos
_v91/23
_9104878
901 _aBK
905 _aMayto Villalobos S.
942 _cFOLL
949 _aFolleto 16527
_bBC
_cFOLL
_d98152123
_eTS1
_i98152
_sb
949 _aFolleto 16527
_bBC
_cFOLL
_d981522
_eTS2
_fc.2
_gDonaciØn
_i98152
_sb
999 _c86636
_d86636